[Event "Montevideo Duchamp Cup 3rd"]
[Site "Montevideo"]
[Date "2019.02.16"]
[Round "9"]
[White "Arcos Facio, Mateo"]
[Black "Rodriguez Farias, Eduardo"]
[Result "1-0"]
[WhiteElo "2107"]
[BlackElo "1935"]
[PlyCount "73"]
[EventDate "2019.02.09"]
[EventType "swiss"]
[EventRounds "9"]
[EventCountry "URU"]
[SourceTitle "CBM 188 Extra"]
[Source "ChessBase"]
[SourceDate "2019.02.26"]
[SourceVersion "1"]
[SourceVersionDate "2019.02.26"]
[SourceQuality "1"]

1. c4 Nf6 2. Nc3 c5 3. g3 d5 4. cxd5 Nxd5 5. Bg2 Nc7 6. Nf3 Nc6 7. d3 e5 8. Be3 Bd7 9. a4 Be7 10. Nd2 Rc8 11. 0-0 0-0 12. Nc4 f6 13. Qb3 Kh8 14. Nb5 Nb4 15. Nxa7 Rb8 16. Nb5 Nxb5 17. axb5 Bxb5 18. Ra7 Bc6 19. Bxc6 bxc6 20. Qa4 Re8 21. Rc1 Qd5 22. Nd2 f5 23. Qa5 Rb5 24. Qc7 Bf8 25. Bg5 Qe6 26. Qd7 Qg6 27. Rca1 Rbb8 28. Bh4 Nc2 29. R1a6 Nd4 30. e3 Nb5 31. Rb7 Rbc8 32. Rxb5 cxb5 33. Rxg6 hxg6 34. Qxb5 Re6 35. Qd7 Rce8 36. Nc4 Kh7 37. Bg5 1-0

[Event "Montevideo Duchamp Cup 3rd"]
[Site "Montevideo"]
[Date "2019.02.10"]
[Round "2"]
[White "Rodriguez Vila, Andres"]
[Black "Arcos Facio, Mateo"]
[Result "1-0"]
[WhiteElo "2486"]
[BlackElo "2107"]
[PlyCount "85"]
[EventDate "2019.02.09"]
[EventType "swiss"]
[EventRounds "9"]
[EventCountry "URU"]
[SourceTitle "CBM 188 Extra"]
[Source "ChessBase"]
[SourceDate "2019.02.26"]
[SourceVersion "1"]
[SourceVersionDate "2019.02.26"]
[SourceQuality "1"]

1. d4 g6 2. e4 Bg7 3. Nc3 d6 4. Be3 a6 5. f3 Nd7 6. Qd2 b5 7. Nge2 Bb7 8. d5 Ne5 9. Nd4 Qd7 10. f4 b4 11. Nd1 c5 12. fxe5 cxd4 13. Qxd4 dxe5 14. Qxb4 f5 15. Nc3 Nf6 16. Na4 Nxe4 17. Nb6 Qd6 18. Qxd6 exd6 19. Nxa8 Bxa8 20. Bxa6 Bxd5 21. 0-0 Ke7 22. a4 f4 23. Bb6 g5 24. a5 g4 25. Be2 h5 26. c4 Ba8 27. Ra3 Ng5 28. b4 Rf8 29. c5 f3 30. cxd6+ Ke6 31. Bc4+ Kd7 32. Bb5+ Kxd6 33. Bc5+ Ke6 34. Bc4+ Kf5 35. h4 Nh3+ 36. gxh3 e4 37. a6 Rd8 38. Ra5 Kf4 39. hxg4 hxg4 40. Be6 g3 41. Re1 e3 42. Bxe3+ Ke4 43. Bf5# 1-0

[Event "URU Department-chT"]
[Site "Punta del Este"]
[Date "2018.08.24"]
[Round "1.13"]
[White "Arcos Facio, Mateo"]
[Black "Rodriguez Farias, Eduardo"]
[Result "0-1"]
[WhiteElo "2117"]
[BlackElo "1908"]
[PlyCount "96"]
[EventDate "2018.08.24"]
[EventType "team-swiss"]
[EventRounds "5"]
[EventCountry "URU"]
[SourceTitle "EXT 2019"]
[Source "ChessBase"]
[SourceDate "2018.10.10"]
[SourceVersion "1"]
[SourceVersionDate "2018.10.10"]
[SourceQuality "1"]
[WhiteTeam "Montevideo"]
[BlackTeam "Montevideo de la Mancha"]
[WhiteTeamCountry "URU"]
[BlackTeamCountry "URU"]

1. e4 c5 2. Nf3 a6 3. b4 Nc6 4. bxc5 e5 5. Na3 Bxc5 6. Nc4 Nf6 7. d3 d5 8. exd5 Nxd5 9. Bb2 Bb4+ 10. Nfd2 0-0 11. g3 b5 12. Ne3 Nxe3 13. fxe3 Qg5 14. c3 Qxe3+ 15. Qe2 Bc5 16. Qxe3 Bxe3 17. Bg2 Bb7 18. Ba3 Rfd8 19. Ke2 Bb6 20. Ne4 b4 21. Bxb4 Nxb4 22. cxb4 Bd5 23. g4 Bd4 24. Rac1 Rab8 25. a3 Be6 26. h3 Bb2 27. Rc7 Bxa3 28. Nc5 Bc8 29. Rf1 f6 30. Ra1 Bxb4 31. Nxa6 Bd6 32. Nxb8 Bxc7 33. Nc6 Re8 34. Ra7 Bd6 35. Bd5+ Kh8 36. Ra8 Bxg4+ 37. hxg4 Rxa8 38. Kf3 g6 39. Nxe5 Ra5 40. Nf7+ Kg7 41. Ke4 Be7 42. Be6 h5 43. gxh5 gxh5 44. d4 h4 45. d5 h3 46. Kf3 Ra3+ 47. Kf2 Bc5+ 48. Kf1 Ra1+ 0-1

[Event "Montevideo Duchamp Cup 1st"]
[Site "Montevideo"]
[Date "2017.02.12"]
[Round "5"]
[White "Arcos Facio, Mateo"]
[Black "Durante, Aurelio"]
[Result "1-0"]
[WhiteElo "2161"]
[BlackElo "2045"]
[PlyCount "41"]
[EventDate "2017.02.09"]
[EventType "swiss"]
[EventRounds "9"]
[EventCountry "URU"]
[SourceTitle "CBM 176 Extra"]
[Source "ChessBase"]
[SourceDate "2017.03.02"]
[SourceVersion "1"]
[SourceVersionDate "2017.03.02"]
[SourceQuality "1"]

1. e4 c5 2. Nf3 d6 3. d4 cxd4 4. Nxd4 Nf6 5. Nc3 a6 6. Be2 Nc6 7. Nb3 g6 8. Be3 Bg7 9. a4 0-0 10. a5 Nd7 11. 0-0 b5 12. axb6 Nxb6 13. Nd5 Nd7 14. Nd4 Nxd4 15. Bxd4 Bxd4 16. Qxd4 Bb7 17. Ra3 e6 18. Ne3 Ne5 19. Rd1 Qh4 20. Qxd6 Qxe4 21. Rd4 1-0

[Event "Montevideo Duchamp Cup 1st"]
[Site "Montevideo"]
[Date "2017.02.11"]
[Round "3"]
[White "Arcos Facio, Mateo"]
[Black "Roselli Mailhe, Bernardo"]
[Result "0-1"]
[WhiteElo "2161"]
[BlackElo "2420"]
[PlyCount "84"]
[EventDate "2017.02.09"]
[EventType "swiss"]
[EventRounds "9"]
[EventCountry "URU"]
[SourceTitle "CBM 176 Extra"]
[Source "ChessBase"]
[SourceDate "2017.03.02"]
[SourceVersion "1"]
[SourceVersionDate "2017.03.02"]
[SourceQuality "1"]

1. e4 c5 2. Nf3 e6 3. b4 cxb4 4. a3 d5 5. e5 Nc6 6. axb4 Bxb4 7. c3 Be7 8. d4 Bd7 9. Bd3 Rc8 10. 0-0 a6 11. h4 Bxh4 12. Nxh4 Qxh4 13. Qb3 Nd8 14. g3 Qh3 15. Ra2 f5 16. f3 Qh5 17. g4 Qf7 18. gxf5 exf5 19. Ba3 Ne7 20. Qb4 Rc6 21. Rg2 Re6 22. c4 Nec6 23. Qb2 Rg6 24. cxd5 Qxd5 25. Bc5 Rxg2+ 26. Kxg2 Ne6 27. Nc3 Nf4+ 28. Kh2 Nxd3 29. Nxd5 Nxb2 30. Nc7+ Kd8 31. Nd5 Na4 32. Bd6 Nxd4 33. Rd1 Ne6 34. Ne7 f4 35. Nf5 Nc3 36. Rg1 g6 37. Nh6 Ke8 38. Ng4 Bc6 39. Nf6+ Kf7 40. Rc1 Nb5 41. Bb4 Rd8 42. Kg2 h5 0-1

[Event "American Continental 11th"]
[Site "Montevideo"]
[Date "2015.05.23"]
[Round "10"]
[White "Izquierdo, Sebastian"]
[Black "Arcos Facio, Mateo"]
[Result "1/2-1/2"]
[WhiteElo "2040"]
[BlackElo "2184"]
[PlyCount "107"]
[EventDate "2015.05.15"]
[EventType "swiss"]
[EventRounds "11"]
[EventCountry "URU"]
[SourceTitle "CBM 167"]
[Source "ChessBase"]
[SourceDate "2015.07.13"]
[SourceVersion "1"]
[SourceVersionDate "2015.07.13"]
[SourceQuality "1"]

1. d4 g6 2. c4 Bg7 3. Nf3 Nf6 4. g3 0-0 5. Bg2 d6 6. 0-0 Nbd7 7. Nc3 e5 8. dxe5 dxe5 9. e4 c6 10. Qc2 Qc7 11. b3 Re8 12. Ba3 Bf8 13. Bxf8 Nxf8 14. h3 b6 15. Rfd1 Ne6 16. Rd2 a5 17. a3 Nc5 18. Rad1 Be6 19. Ng5 h6 20. Nxe6 Nxe6 21. Ne2 Rad8 22. Qc3 Rxd2 23. Rxd2 Nc5 24. Qe3 Rd8 25. Rxd8+ Qxd8 26. b4 axb4 27. axb4 Qd1+ 28. Kh2 Nb3 29. f4 Qd2 30. Qxb3 Qxe2 31. Qc3 Nxe4 32. Qxe5 f5 33. Qe6+ Kg7 34. Qd7+ Kg8 35. Qxc6 Kf7 36. Qc7+ Kf8 37. Qd8+ Kf7 38. Qd5+ Kf8 39. Qa8+ Ke7 40. Qa7+ Kf8 41. Qxb6 Nd2 42. Qd6+ Kg7 43. Qe7+ Kg8 44. Qc5 Kg7 45. Qe7+ Kg8 46. Qc5 Kg7 47. Qe5+ Qxe5 48. fxe5 Nxc4 49. e6 Nb6 50. Bc6 Kf8 51. Kg2 Ke7 52. Bd7 g5 53. Kf3 Kd6 54. Be8 1/2-1/2

[Event "American Continental 11th"]
[Site "Montevideo"]
[Date "2015.05.19"]
[Round "6"]
[White "Arcos Facio, Mateo"]
[Black "Henriquez Villagra, Cristobal"]
[Result "0-1"]
[WhiteElo "2184"]
[BlackElo "2478"]
[PlyCount "98"]
[EventDate "2015.05.15"]
[EventType "swiss"]
[EventRounds "11"]
[EventCountry "URU"]
[SourceTitle "CBM 167"]
[Source "ChessBase"]
[SourceDate "2015.07.13"]
[SourceVersion "1"]
[SourceVersionDate "2015.07.13"]
[SourceQuality "1"]

1. e4 c5 2. Nf3 d6 3. d4 cxd4 4. Nxd4 Nf6 5. Nc3 Nc6 6. Bg5 Qb6 7. Nb3 e6 8. Be2 a6 9. 0-0 Be7 10. Be3 Qc7 11. a4 b6 12. f4 0-0 13. Bf3 Rb8 14. Qe1 Na5 15. Qg3 Nc4 16. Bd4 e5 17. fxe5 dxe5 18. Be2 Rb7 19. Rxf6 Bxf6 20. Nd5 Qc6 21. Bc3 Bd8 22. Bxc4 Qxc4 23. Qxe5 f6 24. Qd6 Re8 25. Nd4 Bc7 26. Qc6 Qxc6 27. Nxc6 Bd7 28. Nce7+ Kf7 29. Bb4 a5 30. Ba3 Bd8 31. Nf5 Bxf5 32. exf5 Re5 33. Rd1 Rd7 34. c4 Rxf5 35. Re1 h5 36. b3 Re5 37. Rxe5 fxe5 38. Kf2 Ke6 39. Ke3 g6 40. g3 g5 41. h3 Rf7 42. g4 h4 43. Ke2 e4 44. Nc3 Rf3 45. Nxe4 Rxh3 46. Bc1 Rxb3 47. c5 Kd5 48. Nxg5 Bxg5 49. Bxg5 h3 0-1

[Event "URU-ch"]
[Site "Montevideo"]
[Date "2014.04.06"]
[Round "6"]
[White "Coppola, Claudio"]
[Black "Arcos Facio, Mateo"]
[Result "1/2-1/2"]
[WhiteElo "2207"]
[BlackElo "2199"]
[PlyCount "196"]
[EventDate "2014.04.02"]
[EventType "tourn"]
[EventRounds "11"]
[EventCountry "URU"]
[SourceTitle "CBM 159 Extra"]
[Source "ChessBase"]
[SourceDate "2014.04.24"]
[SourceVersion "1"]
[SourceVersionDate "2014.04.24"]
[SourceQuality "1"]

1. d4 Nf6 2. Nf3 g6 3. g3 Bg7 4. Bg2 0-0 5. 0-0 d6 6. b3 c6 7. Bb2 d5 8. c4 Bf5 9. Nc3 Ne4 10. Nxe4 Bxe4 11. Qd2 a5 12. Rac1 a4 13. Qb4 Na6 14. Qxb7 dxc4 15. Rxc4 Qd6 16. Ba3 Qxa3 17. Rxa4 Nc5 18. Rxa8 Qxa8 19. Qxa8 Rxa8 20. dxc5 Rxa2 21. e3 Ra5 22. b4 Rb5 23. Nd4 Bxg2 24. Kxg2 Bxd4 25. exd4 Rxb4 26. Ra1 Rxd4 27. Ra6 Kf8 28. Ra8+ Kg7 29. Rc8 Kf6 30. Rxc6+ Ke5 31. Rc8 Rc4 32. Kf3 Kd5 33. Rc7 Rc3+ 34. Ke2 Rc2+ 35. Ke3 Rc3+ 36. Kd2 Rf3 37. Ke2 Rf6 38. g4 h5 39. gxh5 gxh5 40. Rxe7 Kxc5 41. Re5+ Kd6 42. Rxh5 Ke7 43. Kf1 Kf8 44. Rg5 Rh6 45. Kg2 f6 46. Rg4 Rh5 47. Kg3 Kf7 48. h4 Ra5 49. Rb4 Kg6 50. Rb8 Rc5 51. Kg4 Ra5 52. h5+ Kg7 53. Rb7+ Kh6 54. Rf7 Rg5+ 55. Kf4 Rxh5 56. Rxf6+ Kg7 57. Ra6 Rb5 58. Kg4 Rb4+ 59. f4 Rb1 60. Kg5 Rg1+ 61. Kf5 Rb1 62. Re6 Rb5+ 63. Re5 Rb6 64. Re7+ Kf8 65. Re6 Rb4 66. Kg5 Kf7 67. Ra6 Rb1 68. Rc6 Rg1+ 69. Kf5 Rf1 70. Rc7+ Kf8 71. Ke5 Ra1 72. Rc6 Kf7 73. Rc7+ Kf8 74. Rc5 Ra6 75. Kf5 Kf7 76. Rc7+ Kf8 77. Kg5 Rb6 78. Rc8+ Kf7 79. Rc5 Ra6 80. f5 Rb6 81. Ra5 Rc6 82. Kf4 Rb6 83. Ke5 Rc6 84. Rd5 Ra6 85. Rd7+ Kf8 86. Rb7 Rc6 87. Rb8+ Kf7 88. Rh8 Ra6 89. Rh7+ Kf8 90. Kf4 Rb6 91. Kg5 Ra6 92. Rh8+ Kf7 93. Rd8 Rb6 94. Rd7+ Kf8 95. Rd4 Kf7 96. Re4 Ra6 97. Re6 Rxe6 98. fxe6+ Kxe6 1/2-1/2

[Event "URU-ch sf"]
[Site "Montevideo"]
[Date "2014.03.02"]
[Round "4"]
[White "Kimelman, Gabriel"]
[Black "Arcos Facio, Mateo"]
[Result "0-1"]
[WhiteElo "1933"]
[BlackElo "2195"]
[PlyCount "76"]
[EventDate "2014.02.28"]
[EventType "swiss"]
[EventRounds "9"]
[EventCountry "URU"]
[SourceTitle "CBM 159 Extra"]
[Source "ChessBase"]
[SourceDate "2014.04.24"]
[SourceVersion "1"]
[SourceVersionDate "2014.04.24"]
[SourceQuality "1"]

1. c4 e5 2. Nc3 Nf6 3. g3 Bb4 4. Bg2 Bxc3 5. bxc3 d6 6. Nf3 e4 7. Ng5 Qe7 8. f3 Bf5 9. 0-0 0-0 10. fxe4 Bxe4 11. Nxe4 Nxe4 12. Qc2 f5 13. Rxf5 Rxf5 14. Qxe4 Qf8 15. Qxb7 Nd7 16. Qxa8 Rf1+ 17. Bxf1 Qxa8 18. Bg2 Qe8 19. Bc6 Qe7 20. Bd5+ Kf8 21. e4 Nb6 22. d3 Qd7 23. Be3 Nxd5 24. cxd5 Qa4 25. Rf1+ Kg8 26. Rf2 Qd1+ 27. Kg2 Qxd3 28. Kf3 Qxc3 29. g4 Qf6+ 30. Kg3 Qe5+ 31. Kf3 Qc3 32. h3 a5 33. g5 Kf7 34. Kg4+ Kg6 35. h4 h5+ 36. gxh6 Qxe3 37. h5+ Kxh6 38. Rf4 Qe2+ 0-1